[Event "Natal-ch"]
[Site "Natal"]
[Date "2016.02.07"]
[Round "4"]
[White "Fernandes, Pedro Guilherme Mun"]
[Black "De Melo, Mateus Ferreira"]
[Result "1/2-1/2"]
[WhiteElo "1495"]
[BlackElo "1800"]
[PlyCount "37"]
[EventDate "2016.02.06"]
[EventType "swiss"]
[EventRounds "6"]
[EventCountry "BRA"]
[SourceTitle "CBM 171 Extra"]
[Source "ChessBase"]
[SourceDate "2016.04.26"]
[SourceVersion "1"]
[SourceVersionDate "2016.04.26"]
[SourceQuality "1"]

1. e4 d6 2. d4 Nf6 3. Nc3 g6 4. f3 Bg7 5. Be3 0-0 6. Qe2 e5 7. d5 a5 8. 0-0-0 Nbd7 9. Qd2 Nc5 10. Bh6 Rb8 11. Bxg7 Kxg7 12. h4 b5 13. g4 Kg8 14. h5 Qe7 15. hxg6 fxg6 16. Qh6 Qg7 17. g5 Nh5 18. Rxh5 gxh5 19. Qxh5 1/2-1/2

[Event "Natal-ch"]
[Site "Natal"]
[Date "2016.02.06"]
[Round "2"]
[White "Marques, Dayvid Geverson Lop"]
[Black "De Melo, Mateus Ferreira"]
[Result "1-0"]
[WhiteElo "1561"]
[BlackElo "1800"]
[PlyCount "73"]
[EventDate "2016.02.06"]
[EventType "swiss"]
[EventRounds "6"]
[EventCountry "BRA"]
[SourceTitle "CBM 171 Extra"]
[Source "ChessBase"]
[SourceDate "2016.04.26"]
[SourceVersion "1"]
[SourceVersionDate "2016.04.26"]
[SourceQuality "1"]

1. e4 d6 2. d4 Nf6 3. Nc3 g6 4. Bc4 Bg7 5. Bf4 0-0 6. Qd2 Nbd7 7. 0-0-0 e5 8. dxe5 Nh5 9. Bg5 Qe8 10. exd6 Ne5 11. Bb3 Qc6 12. f3 Nc4 13. Bxc4 Qxc4 14. d7 Bxd7 15. Qxd7 Bxc3 16. bxc3 Qxc3 17. Qd4 Qa3+ 18. Qb2 Qc5 19. Nh3 f6 20. Rd5 Qc6 21. Qb3 Kg7 22. Be3 Rad8 23. Rhd1 Rxd5 24. Qxd5 Qa4 25. Qd7+ Qxd7 26. Rxd7+ Rf7 27. Rxf7+ Kxf7 28. Bxa7 b6 29. Bb8 c5 30. Bc7 b5 31. Bd6 c4 32. Kd2 Ke6 33. Bf4 f5 34. exf5+ Kxf5 35. g4+ Kf6 36. gxh5 gxh5 37. Ke3 1-0